Finland

Na minha lista:
Detalhes bibliográficos
Autor Corporativo: OECD. Development Assistance Committee
Formato: Livro
Idioma:inglês
Publicado em: Paris OECD 1999
Colecção:Development Co-operation Review Series No. 31
Assuntos:
Tags: Adicionar Tag
Sem tags, seja o primeiro a adicionar uma tag!

MARC

LEADER 00000nam a2200000 4500
001 c122092
005 20221221084312.5
020 |a 92-64-17010-3 
041 0 |a eng 
044 |a FR 
245 1 0 |a Finland 
264 1 |a Paris  |b OECD  |c 1999 
300 |a 73 s. 
490 1 |a Development Co-operation Review Series  |v No. 31 
830 0 |a Development Co-operation Review Series  |v No. 31 
610 2 0 |a pomoc medzinárodná 
610 2 0 |a pomoc hospodárska 
610 2 0 |a pomoc sociálna 
610 2 0 |a krajiny rozvojové 
610 2 0 |a programy rozvojové 
610 2 0 |a projekty 
610 2 0 |a Fínsko 
610 2 0 |a OECD 
710 2 |a OECD. Development Assistance Committee